000 00185nam a22000857a 4500
008 170111b xxu||||| |||| 00| 0 eng d
100 _92330
_aNCERT
245 _aAtlas-VI
260 _bHFI
_c2010
999 _c5268
_d5268